书目信息 |
| 题名: |
信息描述
|
|
| 作者: | 杨玉麟 主编 | |
| 分册: | ||
| 出版信息: | 北京 高等教育出版社 2004.08 |
|
| 页数: | 415页 | |
| 开本: | 23cm | |
| 丛书名: | ||
| 单 册: | ||
| 中图分类: | G254.364 | |
| 科图分类: | ||
| 主题词: | 机器可读目录--ji qi ke du mu lu--文献著录--高等学校--教材 | |
| 电子资源: | ||
| ISBN: | 7-04-015339-4 | |
| 000 | 00907nam0 2200265 450 | |
| 001 | 012006730274 | |
| 005 | 20060921164345.31 | |
| 010 | @a7-04-015339-4@dCNY30.60 | |
| 100 | @a20060710d2004 km y0chiy0120 ea | |
| 101 | 0 | @achi |
| 102 | @aCN@b110000 | |
| 105 | @aa a 000yy | |
| 200 | 1 | @a信息描述@Axin xi miao shu@f杨玉麟主编@Fyang yu lin zhu bian |
| 210 | @a北京@c高等教育出版社@d2004.08 | |
| 215 | @a415页@c图@d23cm | |
| 300 | @a面向21世纪课程教材图书馆学类 | |
| 312 | @a英文题名取自封底 | |
| 320 | @a有书目 (第409-412页)。 | |
| 330 | @a本书全面介绍信息描述基本理论,重点讨论利用CNMARC格式对文献的信息描述方法,MARC格式中检索点的选取与描述等。 | |
| 510 | 1 | @aInformation Description@zeng |
| 606 | 0 | @a机器可读目录@Aji qi ke du mu lu@x文献著录@x高等学校@j教材 |
| 690 | @aG254.364@v4 | |
| 701 | 0 | @a杨玉麟@Ayang yu lin@4主编 |
| 801 | 0 | @aCN@bQSSK@c20060921 |
| 905 | @a10447@dG254.364@eY323 | |
| 信息描述/杨玉麟主编.-北京:高等教育出版社,2004.08 |
| 415页:图;23cm |
| 面向21世纪课程教材图书馆学类 |
| ISBN 7-04-015339-4:CNY30.60 |
| 本书全面介绍信息描述基本理论,重点讨论利用CNMARC格式对文献的信息描述方法,MARC格式中检索点的选取与描述等。 |
| ● |
| 相关链接 |
|
|
|
正题名:信息描述
索取号:G254.364/Y323
 
预约/预借
| 序号 | 登录号 | 条形码 | 馆藏地/架位号 | 状态 | 备注 |
| 1 | 595366 | 205953663 | 社科二线422/409社科库 119排1列3层/ [索取号:G254.364/Y323] | 在馆 | |
| 2 | 595367 | 205953672 | 社科库409/409社科库 59排6列2层/ [索取号:G254.364/Y323] | 在馆 |